|
|
|
|
| LEADER |
00000nab a2200000 a 4500 |
| 001 |
vtls000103712 |
| 003 |
SK-MaSNL |
| 005 |
20260304074711.0 |
| 008 |
250423c xo 0 slo |
| 015 |
|
|
|a SNBRB19rr/mm-uuuuu
|
| 035 |
|
|
|a CL0113815
|
| 035 |
|
|
|a urn:nbn:sk:snk-ab6ndn
|
| 035 |
|
|
|a (uuid)e352d422-2650-406a-afe2-6d65c643a35a
|
| 035 |
|
|
|a (urnnbn)urn:nbn:sk:snk:ar-005n55
|
| 035 |
|
|
|a (sysno)vtls000103712
|
| 040 |
|
|
|a SNKBUCL
|b slo
|c SNKBUCL
|e AACR2
|
| 041 |
0 |
|
|a rus
|
| 044 |
|
|
|a xo
|c SK
|
| 080 |
|
|
|a 882-1
|2 1981
|
| 100 |
1 |
|
|a Ťutčev, F. I.
|4 aut
|9 515357
|
| 245 |
1 |
0 |
|a Ona sidela na polu... /inc./
|c F. I. Ťutčev
|
| 650 |
0 |
7 |
|a básne ľúbostné
|2 snkbucl
|9 899410
|
| 650 |
0 |
7 |
|a sovietska literatúra
|2 snkbucl
|9 22300
|
| 655 |
|
7 |
|a články z novín a časopisov
|2 snkbucl
|9 267496
|
| 655 |
|
7 |
|a články z odboru literárna veda a krásna literatúra
|2 snkbucl
|9 770045
|
| 773 |
0 |
|
|t Ruštinár
|g Roč. 16(29), č. 7 (1981), s. 99
|
| 850 |
|
|
|a Slovenská národná knižnica
|
| 852 |
|
|
|a Slovenská národná knižnica
|
| 958 |
|
|
|a article27
|
| 958 |
|
|
|a RK
|
| 958 |
|
|
|a LX
|
| 958 |
|
|
|a SK
|
| 958 |
|
|
|a OND
|
| 958 |
|
|
|a EUIPO
|
| 992 |
|
|
|a RBX
|
| 999 |
|
|
|c 2777494
|d 2779424
|